000 02900cam a2200301 4500500
005 20260111113217.0
041 _afre
042 _adc
100 1 0 _ade la Pallière, Nadine
_eauthor
700 1 0 _aGoullet, Catherine
_eauthor
245 0 0 _aMotivations et apports du crowdlending, un financement innovant : le cas de deux franchiseurs
260 _c2018.
500 _a14
520 _aLes têtes de réseaux français de franchise, dénommées franchiseurs, sont en grande partie des PME, qui mènent à bien des stratégies, nécessitant des fonds dont le financement n’est pas systématiquement assuré par les banques et les capital-investisseurs. Ils cherchent donc à diversifier leurs sources de financement. Le crowdlending, financement participatif, apparu en 2014, offre de nouvelles perspectives. L’objet de ce papier est d’étudier les motivations et le processus de financement par crowdlending des têtes de réseaux en s’interrogeant sur le caractère complémentaire et les apports additionnels non financiers de ce nouveau mode de financement. Deux études de cas exploratoires portant sur deux réseaux de franchise ont montré que le crowdlending est bien une source de financement complémentaire, en ce qu’il permet de pallier les insuffisances, entre autres, du financement bancaire, et aussi un outil de développement des réseaux de franchise notamment par la communication qu’il engendre.Codes JEL : G32, L14, L21
520 _aThe heads of French franchise networks, called franchisors, are largely SMEs, lead to many strategies, which require financing not systematically insured by banks and capital-investors. They are therefore seeking to diversify their sources of funding. Crowdlending, participatory financing, which appeared in 2014, offers new perspectives. This paper investigates the motivations and the process of financing network heads by crowdlending, by studying the complementary nature and the additional non-financial contributions of this new means of funding. Two exploratory case studies of two franchise networks have shown that crowdlending is indeed a complementary source of financing, in that it makes it possible to bridge the shortfall in particular of bank financing and also is a tool for developing franchise networks by the communication it engenders. JEL Codes: G32, L14, L21
690 _aapports extra-financiers
690 _aapports financiers
690 _acrowdlending
690 _aoutil de développement
690 _aréseaux de franchise
690 _acrowdlending
690 _adevelopment tool
690 _aextra-financial contributions
690 _afinancial contributions
690 _afranchise networks
786 0 _nInnovations | 56 | 2 | 2018-05-21 | p. 41-65 | 1267-4982
856 4 1 _uhttps://shs.cairn.info/revue-innovations-2018-2-page-41?lang=fr&redirect-ssocas=7080
999 _c1632624
_d1632624